Bharatbarshar itihas-III (poroborty Gupto jugor pora 1206 CE)/ (Record no. 11920)

MARC details
000 -LEADER
fixed length control field 00624nam a22002057a 4500
005 - DATE AND TIME OF LATEST TRANSACTION
control field 20240902075238.0
008 - FIXED-LENGTH DATA ELEMENTS--GENERAL INFORMATION
fixed length control field 240902b |||||||| |||| 00| 0 eng d
020 ## - INTERNATIONAL STANDARD BOOK NUMBER
International Standard Book Number 9789360788827
040 ## - CATALOGING SOURCE
Original cataloging agency IN-DiNC
Transcribing agency IN-DiNC
041 ## - LANGUAGE CODE
Language code of sung or spoken text Assamese
082 ## - DEWEY DECIMAL CLASSIFICATION NUMBER
Classification number 954.02
Item number NAT
100 ## - MAIN ENTRY--PERSONAL NAME
Personal name Nath, Bhrigumoni
Relator term Author
245 ## - TITLE STATEMENT
Title Bharatbarshar itihas-III (poroborty Gupto jugor pora 1206 CE)/
Statement of responsibility, etc. by Bhrigumoni Nath and Dipamjyoti Buragohain
250 ## - EDITION STATEMENT
Edition statement 1st ed.
260 ## - PUBLICATION, DISTRIBUTION, ETC.
Place of publication, distribution, etc. Guwahati:
Name of publisher, distributor, etc. Ashok publication,
Date of publication, distribution, etc. 2024.
300 ## - PHYSICAL DESCRIPTION
Extent 183p.
650 ## - SUBJECT ADDED ENTRY--TOPICAL TERM
Topical term or geographic name entry element History of modern India
700 ## - ADDED ENTRY--PERSONAL NAME
Personal name Buragohain, Dipamjyoti
Relator term Author
942 ## - ADDED ENTRY ELEMENTS (KOHA)
Source of classification or shelving scheme Dewey Decimal Classification
Koha item type Books
Holdings
Withdrawn status Lost status Source of classification or shelving scheme Damaged status Not for loan Collection code Home library Current library Shelving location Date acquired Cost, normal purchase price Total Checkouts Full call number Barcode Date last seen Date last checked out Copy number Price effective from Koha item type
    Dewey Decimal Classification     Economics Central Library, Naharkatiya College Central Library, Naharkatiya College General Stacks 02/09/2024 250.00 2 954.02 NAT 30241 24/09/2025 15/09/2025 1 02/09/2024 Books
    Dewey Decimal Classification     Economics Central Library, Naharkatiya College Central Library, Naharkatiya College General Stacks 02/09/2024 250.00 6 954.02 NAT 30242 01/12/2025 10/11/2025 2 02/09/2024 Books

Naharkatiya College © 2020. All rights reserved.

Powered By